| 000 | 00946cam a22002892 4500 | ||
|---|---|---|---|
| 001 | 30214 | ||
| 003 | BD-RJUL | ||
| 005 | 20211209051530.0 | ||
| 008 | 140409s19671939ilu b 001 0 eng u | ||
| 035 | _a(BD-RJUL)30299 | ||
| 040 |
_cWSU _dOCL _dEQO _aBD-RjUL _beng |
||
| 041 | _aeng | ||
| 082 |
_a164 _bCAF 1967 |
||
| 090 |
_aQ121 _b.I5 v.1, no.3 |
||
| 100 | 1 |
_aCarnap, Rudolf, _d1891-1970. _991846 |
|
| 245 | 1 | 0 |
_aFoundations of logic and mathematics / _cRudolf Carnap |
| 260 |
_aChicago, Ill. : _bThe University of Chicago press, _cC1939 [Impression 1967 |
||
| 300 |
_a71 p. ; _c22 cm. |
||
| 490 | 1 |
_aInternational encyclopedia of unified science, _vv. 1, no. 3 |
|
| 504 | _aincludes index | ||
| 650 | 0 |
_aLogic, Symbolic and mathematical. _991847 |
|
| 650 | 0 |
_aMathematics _xPhilosophy. _95282 |
|
| 830 | 0 |
_vv. 1, no. 3 _991850 |
|
| 830 | 0 |
_aInternational encyclopedia of unified science, _991851 |
|
| 942 |
_2ddc _cBK |
||
| 999 |
_c30214 _d30214 |
||